000 00323nam a2200145Ia 4500
005 20251222152721.0
008 251222s9999||||xx |||||||||||||| ||spa||
020 _a8589391035
082 _a370.1/C74
100 _aCogo, Luisa
245 0 _aUma Copanhia que Educa
250 _a1ra. ed.
264 _bAVSI
942 _cLIB
999 _c29604
_d29604